000 00867nam a2200253Ia 4500
003 OSt
005 20221005104828.0
006 a|||||r|||| 00| 0
007 ta
008 221004b |||||||| |||| 00| 0 hin d
020 _a9788190537551 (hkb)
_c300
024 _a1426
037 _b406, 22/03/2010, Swaraj Prakashan
_cTextual
040 _aCRL
_cCRL
_bhin
041 _2hin
_ahin
082 _a4:(Y5927), 152P7
100 _aगौतम, रूपचन्द
245 0 _aदलित रिपोर्टिंग
246 _aDalit riporṭianga
260 _aदिल्ली
_bश्री नटराज प्रकाशन भारत
_c2007
300 _a178पृ0
_ccm.
942 _h4:(Y5927), 152P7
_cTEXL
_2cc
999 _c1013919
_d1013919